| 000 | 00461nam a2200169 a 4500 | ||
|---|---|---|---|
| 001 | 000006279 | ||
| 005 | 20200929153917.0 | ||
| 008 | 090827s2000 dr 001 spa d | ||
| 040 | _aDO-SdBNP | ||
| 082 |
_axxx _bC957s |
||
| 100 | 1 |
_aCruz Pascual, Francisco _9114 |
|
| 245 | 1 | 0 |
_aSociedad, compromiso y educación / _cFrancisco Cruz Pascual. |
| 250 | _a5a ed. | ||
| 260 |
_aSanto Domingo, : _bCentenario, _c2000. |
||
| 300 |
_a259 p. ; _c21 cm. |
||
| 049 | _aBNPD | ||
| 999 |
_c6074 _d6074 |
||